| 000 | 01037na a2200229 4500 | ||
|---|---|---|---|
| 001 | 20370 | ||
| 003 | MIRAKIL | ||
| 005 | 20181213155128.0 | ||
| 008 | 170118b tu 000 0 | ||
| 040 |
_aMilas _btur _cTR-AnCHP |
||
| 041 | _atur | ||
| 082 |
_a353.031 _bL51 1980 |
||
| 090 | _a353.031 L51 1980 | ||
| 245 |
_aLibya Arap Halk Sosyalist Cemahhiriyesi devrim komutanı Albay Muammer Kaddafi ile Suriye Arap Cumhuriyeti Cumhurbaşkanı Hafız Esat'ın Trablus, Aziziye'de bulunan uluslararası konferans salonunda 8 Eylül 1980 tarihinde düzenlenen büyük Birlik Mitinginde yaptıkları konuşmalar _cLibya Arap Halk Sosyalist Cemahhiriyesi Halk Bürosu |
||
| 260 |
_aAnkara _bLibya Arap Halk Sosyalist Cemahhiriyesi Libya Arap Kültür Merkezi _c1980 |
||
| 300 |
_a19 s. _c22 sm. |
||
| 600 |
_aEsad, Hafız _d1930-2000 _xSöylev ve demeçler |
||
| 600 |
_aKaddafi, Muammer _d1942-2011 _xSöylev ve demeçler |
||
| 610 |
_aArap Birliği _xToplantılar |
||
| 710 | _aLibya Arap Halk Sosyalist Cemahhiriyesi | ||
| 942 |
_2dcc _cBKS |
||
| 999 |
_c7121 _d7121 |
||